04787cam a22004215a 4500003000900000005001700009008004100026020001800067040002800085082001800113100004200131245011700173250008400290260003900374300004000413520157600453600007102029650006602100650006002166942001202226999001502238952013202253952013102385952013302516952013202649952013102781952013202912952012403044952013403168952013803302952012903440952012903569952013803698952013403836952013103970952013204101952013204233CO-ViMGA20230915233135.0141031s2014 ck a gr 000 0 spa  a9789587575347 aCO-ViMGAbspacCO-ViMGA04a928.61 bG17n10aGarcia Marquez, Gabrield1927-20149113aLa nostalgia de las almendras amargas cGabriel Garcia Marquez ; seleccion y prologo Juan Esteban Constain Croce aEdicion especial para El Ministerio de Cultura, Biblioteca Nacional de Colombia aBogota bIntermedio Editoresc2014 a234 pg̀inas bilustracionesc25 cm1 a"Este libro puede leerse de diversas formas: como un tesoro que revela unas joyas conocidas pero perdidas, como el testimonio de un autor querido y admirado, o como un manual para escritores -tanto periodistas como literatos, niveles o expertos- lleno de anecdotas, consejos y confidencias. Es, en realidad, una serie de textos de Gabriel Garcia Marquez publicados en la revista Cambio entre 1999 y 2002 que incluye varios de sus mas admirados perfiles, uno que otro reportaje, algunas entrevistas que le hicieran pero, sobre todo, las respuestas que diera a sus lectores sobre sus libros, sus personajes, es decir, sobre el trabajo n̕timo del escritor ms̀ importante en lengua castellana de los tiempos modernos. El Tiempo Casa Editorial e Intermedio Editores rinden, con esta publicacin̤, un sencillo homenaje a nuestro premio Nobel, tras cien da̕s de su desaparición, con el propósito de aportar un grano de arena al mejor conocimiento de su obra y, sobre todo, con el fin de rescatar su voz mas íntima. En palabras de Juan Esteban Constain, autor del prologo y de la selección de estos textos. Este libro es un homenaje al talento del colombiano mas grande de todos los tiempos: el que mejor supo desentrañar, con sus libros y sus palabras y sus intuiciones, el misterio de lo que somos. Pero es también un homenaje a sus lectores, para que renueven con ľ, aunque sea un poco, la nostalgia de las almendras amargas y el olor de la guayaba. El milagro de un estilo que morir c̀on el mundo, no antes ni después". (Tomado de la contra- caratula) 14aGarcia Marquez, Gabrield1927-2014xCritica e interpretacion9630714aEscritores colombianosxCritica e interpretacion2LEMB92373414aLiteratura colombiana 2LEMBvHistoria y crtiica942408 2ddccBK c4093d4093 00102ddc40708GENaMEDORADObMEDORADOcGENd2023-02-08l0o 928.61 G17npDOR01184r2023-02-08 00:00:00tEj.1w2023-02-08yBK 00102ddc40708GENaMEPRICObMEPRICOcGENd2023-04-18l0o928.61 G17npPR00000982r2023-04-18 00:00:00tEj.1w2023-04-18yBK 00102ddc40708REFaMEGUAMALbMEGUAMALcGENd2023-04-20l0o928.61 G17npGUA003264r2023-04-20 00:00:00tEj.1w2023-04-20yBK 00102ddc40708GENaMEFTEORObMEFTEOROcGENd2023-05-23l0o928.61 G17npFo0000709r2023-05-23 00:00:00tEj.1w2023-05-23yBK 00102ddc40708GENaMESARAMAbMESARAMAcGENd2023-05-31l0o928.61 G17npSJA00100r2023-05-31 00:00:00tEj.1w2023-05-31yBK 00102ddc40708GENaMECUBARRbMECUBARRcGENd2023-08-11l0o928.61 G17n pCUB03075r2023-08-11 20:05:16tEj.1w2023-08-11yBK 00102ddc40708003aMEVIECARbMEVIECARd2016-08-03l0o928.61 G17np30219r2016-08-03 00:00:00tEj. 1w2016-08-03yBK 00102ddc40708GENaMEMAPIRIbMEMAPIRIcGENd2024-01-10l0o928.61 G17npMAP00001642r2024-01-10 22:09:32tEj.1w2024-01-10yBK 00102ddc4070aMEVHERMObMEVHERMOd2024-06-14k928.61 G17n Ej.1l0o928.61pVIST 0001349r2024-06-14 15:50:52tEj.1w2024-06-14yBK 00102ddc40708GENaMECUMARAbMECUMARAcLITd2024-07-30l0o928.61G17npCUM1365r2024-07-30 09:14:57tEj.1w2024-07-30yBK 00102ddc40708GENaMEURIBEbMEURIBEcGENd2024-08-26l0o928.61 G17npURI01288r2024-08-26 10:02:15tEj.1w2024-08-26yBK 001040708001aMEVIGERRbMEVIGERRcGENd2016-02-18o928.61 G17npECA24644r2024-11-26 08:56:27tEj.1w2024-11-26yBKz18505 | 23659 00102ddc40708GENaMEPLLERASbMEPLLERAScGENd2025-01-24l0o928.61 G17npPLL01823r2025-01-24 09:58:53tEj.1w2025-01-24yBK 00102ddc40708GENaMESGUARObMESGUAROcGENd2025-07-07l0o928.61 G17npSG03536r2025-07-07 11:46:36tEj.1w2025-07-07yBK 00102ddc40708GENaMEPLOPEZbMEPLOPEZcGENd2025-08-29l0o928.61 G17npPLZ03009r2025-08-29 20:55:59tEj.1w2025-08-29yBK 00102ddc40708GENaMEPLOPEZbMEPLOPEZcGENd2025-08-30l0o928.61 G17npPLZ03095r2025-08-30 17:48:20tEj.1w2025-08-30yBK